सामयिक प्रशासनिक कोश : (Record no. 119692)
[ view plain ]
| 000 -LEADER | |
|---|---|
| fixed length control field | 01329nam a22002657a 4500 |
| 005 - DATE AND TIME OF LATEST TRANSACTION | |
| control field | 20180913165805.0 |
| 010 ## - LCCN (DPL NO) | |
| LC control number | B-068345 पुस्तक मेला |
| 020 ## - INTERNATIONAL STANDARD BOOK NUMBER | |
| Terms of availability | 300.00 |
| International Standard Book Number | 8171380190 |
| 020 ## - INTERNATIONAL STANDARD BOOK NUMBER | |
| Terms of availability | 395.00 पुस्तक मेला |
| 035 ## - SYSTEM CONTROL NUMBER | |
| System control number | B-068345 |
| 037 ## - SOURCE OF ACQUISITION | |
| Source of stock number/acquisition | Cen Lib/Ret |
| 037 ## - SOURCE OF ACQUISITION | |
| Source of stock number/acquisition | सामयिक प्रकाशन |
| 082 ## - DEWEY DECIMAL CLASSIFICATION NUMBER | |
| Classification number | 350.003 |
| Item number | श्रीवास्त |
| 100 ## - MAIN ENTRY--PERSONAL NAME | |
| Personal name | श्रीवास्तव, गोपीनाथ |
| 245 ## - TITLE STATEMENT | |
| Title | सामयिक प्रशासनिक कोश : |
| Statement of responsibility, etc | गोपीनाथ श्रीवास्तव |
| Remainder of title | अंग्रेजी हिन्दी / |
| 246 ## - VARYING FORM OF TITLE | |
| Title proper/short title | Samyik prashasnik kosh : angrezi hindi / |
| Remainder of title | by Gopinath Shrivastav |
| 260 ## - PUBLICATION, DISTRIBUTION, ETC. (IMPRINT) | |
| Place of publication, distribution, etc | नई दिल्ली |
| Name of publisher, distributor, etc | सामयिक प्रकाशन |
| Date of publication, distribution, etc | 2002 |
| 270 ## - ADDRESS | |
| Address | 3320-21 जटवाड़ा, नेताजी सुभाष मार्ग, दरियागंज |
| City | नई दिल्ली |
| Postal code | 110002 |
| 300 ## - PHYSICAL DESCRIPTION | |
| Extent | 382पृ. |
| Dimensions | 21सेमी(सजिल्द) |
| 650 ## - SUBJECT ADDED ENTRY--TOPICAL TERM | |
| Topical term or geographic name as entry element | हिन्दी अंग्रेजी -- कोश |
| 650 ## - SUBJECT ADDED ENTRY--TOPICAL TERM | |
| Topical term or geographic name as entry element | अंग्रेजी कोश |
| 650 ## - SUBJECT ADDED ENTRY--TOPICAL TERM | |
| Topical term or geographic name as entry element | Hindi English - Thesaurus |
| 650 ## - SUBJECT ADDED ENTRY--TOPICAL TERM | |
| Topical term or geographic name as entry element | English dictionary |
| 942 ## - ADDED ENTRY ELEMENTS (KOHA) | |
| Source of classification or shelving scheme | Dewey Decimal Classification |
| Item type | Hindi Books |
| Classification part | 350.003 |
| Call number suffix | श्रीवास्त |
| Withdrawn status | Lost status | Not for loan | Home library | Current library | Date acquired | Source of acquisition | Cost, normal purchase price | Full call number | Barcode | Copy number | Cost, replacement price | Koha item type |
|---|---|---|---|---|---|---|---|---|---|---|---|---|
| Central Library | Central Library | 18/09/2015 | Cen Lib/Ret | 300.00 | 350.003 श्रीवास्त | B-068345 | 1 | 300.00 | Hindi Books |
